Týdenní čtení z Tóry. Kniha Numeri: roky v poušti /
Rabín předkládá čtenářům své úvahy nad knihou Numeri, zabývá se problémy současnosti na pozadí starozákonních textů a naopak vysvětluje biblické texty na příkladech z dnešního světa.
Uloženo v:
| Hlavní autor: | |
|---|---|
| Další autoři: | |
| Médium: | E-kniha |
| Jazyk: | Czech |
| Vydáno: |
Praha :
P3K,
2025
|
| Vydání: | Vydání první |
| Témata: | |
| Příbuzné jednotky: | Přeloženo z:
Covenant & conversation |
| Tagy: |
Žádné tagy |
| LEADER | 03261nam a2200757 i 4500 | ||
|---|---|---|---|
| 001 | 312893 | ||
| 003 | CZ PrSKC | ||
| 005 | 20260601215730.0 | ||
| 007 | ta | ||
| 008 | 251217s2025 xr e 000 0dcze | ||
| 015 | |a cnb003732361 | ||
| 020 | |a 9788076670525 |q (vázáno) | ||
| 035 | |a (OCoLC)1578134220 | ||
| 040 | |a BOA001 |b cze |e rda | ||
| 041 | 1 | |a cze |h eng | |
| 072 | 7 | |a 2-23/-27 |x Bible. Biblistika |2 Konspekt | |
| 080 | |a 27-242.8 |2 MRF | ||
| 080 | |a 26-236.5 |2 MRF | ||
| 080 | |a 26-282.5 |2 MRF | ||
| 080 | |a 26-277.2 |2 MRF | ||
| 080 | |a 2-474-256-277 |2 MRF | ||
| 080 | |a 26-184 |2 MRF | ||
| 080 | |a 2-67 |2 MRF | ||
| 080 | |a 26 |2 MRF | ||
| 080 | |a 26-1/-9 |2 MRF | ||
| 080 | |a (0:82-4) |2 MRF | ||
| 100 | 1 | |a Sacks, Jonathan, |d 1948-2020 |7 mzk2005304361 |4 aut | |
| 240 | 1 | 0 | |a Numbers, the wilderness years. |l Česky |
| 245 | 1 | 0 | |a Týdenní čtení z Tóry. |p Kniha Numeri: roky v poušti / |c Jonathan Sacks ; z anglického originálu Covenant & conversation - Numbers, the wilderness years ... přeložila Tereza Rejšková |
| 246 | 3 | 0 | |a Kniha Numeri, roky v poušti |
| 246 | 3 | 0 | |a Numeri |
| 250 | |a Vydání první | ||
| 264 | 1 | |a Praha : |b P3K, |c 2025 | |
| 300 | |a 411 stran ; |c 21 cm | ||
| 336 | |a text |b txt |2 rdacontent | ||
| 337 | |a bez média |b n |2 rdamedia | ||
| 338 | |a svazek |b nc |2 rdacarrier | ||
| 504 | |a Obsahuje bibliografické odkazy | ||
| 520 | 2 | |a Rabín předkládá čtenářům své úvahy nad knihou Numeri, zabývá se problémy současnosti na pozadí starozákonních textů a naopak vysvětluje biblické texty na příkladech z dnešního světa. | |
| 630 | 0 | 7 | |a Bible. |p Mojžíšova, 4. |7 unn2006374751 |2 czenas |
| 630 | 0 | 9 | |a Bible. |p Numeri |2 eczenas |
| 650 | 0 | 7 | |a biblické příběhy |7 ph118858 |2 czenas |
| 650 | 0 | 7 | |a biblické postavy |7 ph118857 |2 czenas |
| 650 | 0 | 7 | |a sidurim |7 ph135743 |2 czenas |
| 650 | 0 | 7 | |a biblická exegeze |7 ph118844 |x judaistické pojetí |2 czenas |
| 650 | 0 | 7 | |a biblická interpretace |7 ph118847 |x judaistické pojetí |2 czenas |
| 650 | 0 | 7 | |a Bůh a člověk |7 ph116953 |x judaistické pojetí |2 czenas |
| 650 | 0 | 7 | |a náboženství a společnost |7 ph138511 |x judaistické pojetí |2 czenas |
| 650 | 0 | 7 | |a učení judaismu |7 ph162852 |2 czenas |
| 650 | 0 | 9 | |a Bible stories |2 eczenas |
| 650 | 0 | 9 | |a Bible persons |2 eczenas |
| 650 | 0 | 9 | |a siddurim |2 eczenas |
| 650 | 0 | 9 | |a Biblical exegesis |x Judaic approach |2 eczenas |
| 650 | 0 | 9 | |a Biblical interpretation |x Judaic approach |2 eczenas |
| 650 | 0 | 9 | |a relations between God and man |x Judaic approach |2 eczenas |
| 650 | 0 | 9 | |a religion and society |x Judaic approach |2 eczenas |
| 650 | 0 | 9 | |a doctrine of Judaism |2 eczenas |
| 655 | 7 | |a úvahy |7 fd134000 |2 czenas | |
| 655 | 9 | |a essays |2 eczenas | |
| 700 | 1 | |a Rejšková, Tereza |7 jo2017966712 |4 trl | |
| 765 | 0 | |t Covenant & conversation | |
| 900 | |a ABA001 |b 20 | ||
| 044 | |a xr | ||
| 910 | |a RBIT002 | ||
| 998 | |d 424531 |a https://core.palmknihy.cz/api/books/424531/cover?t8jf1z |b https://core.palmknihy.cz/api/books/424531/cover/400?t8jf1z |c https://core.palmknihy.cz/api/books/424531/cover/50?t8jf1z |e 2035-12-31 |g 416 |i 9788076670525 |j https://core.palmknihy.cz/api/books/424531/preview.epub |k https://core.palmknihy.cz/api/books/424531/preview.pdf |l |q 49 |r 1 |s https://www.palmknihy.cz/kniha/424531 |t ebook |y 2025 |z 0 | ||
| 999 | |d 312891 | ||